|
|
|
|
| LEADER |
00000nab a2200000 a 4500 |
| 001 |
vtls000414289 |
| 003 |
SK-MaSNL |
| 005 |
20260303205028.0 |
| 008 |
140422c1991 xo 0 slo |
| 015 |
|
|
|a SNBRB19rr/mm-uuuuu
|
| 035 |
|
|
|a CL0414414
|
| 040 |
|
|
|a SNKBUCL
|b slo
|c SNKBUCL
|e AACR2
|
| 041 |
0 |
|
|a slo
|
| 044 |
|
|
|a xo
|c SK
|
| 080 |
|
|
|a 930.85(437.6)
|2 1981
|
| 080 |
|
|
|a 301.152
|2 1981
|
| 080 |
|
|
|a 323.1
|2 1981
|
| 080 |
|
|
|a 342.725(=854)
|2 1981
|
| 080 |
|
|
|a 808.54
|2 1981
|
| 100 |
1 |
|
|a Maťovčík, Augustín,
|d 1937-
|4 aut
|9 98490
|
| 245 |
1 |
0 |
|a O reč a národ 2
|c Augustín Maťovčík ; Ludovít Štúr
|
| 300 |
|
|
|b Obr. 2.
|
| 600 |
1 |
7 |
|a Štúr, Ľudovít,
|d 1815-1856,
|2 snkbucl
|9 92872
|
| 650 |
0 |
7 |
|a Slováci
|2 snkbucl
|9 22552
|
| 650 |
0 |
7 |
|a národnooslobodzovacie hnutia
|2 snkbucl
|9 168058
|
| 650 |
0 |
7 |
|a spisovná slovenčina
|2 snkbucl
|9 66941
|
| 655 |
|
7 |
|a články z novín a časopisov
|2 snkbucl
|9 267496
|
| 773 |
0 |
|
|t Literárny týždenník
|g Roč. 4, č. 14 (1991), s. 5
|
| 850 |
|
|
|a Slovenská národná knižnica v Martine
|a MTA001
|
| 852 |
|
|
|a SNK
|b KIS3GCP
|
| 958 |
|
|
|a RK
|
| 999 |
|
|
|c 2193313
|d 2195243
|